1071 1888 1746 1714 1901 1578 1951 1722 1207 1240 1224 1457 1727 1384 1375 1610 1161 1951 1056 1614 1370 1400 1098 1131 1604 1200 1338 1959 1660 1489 1000 1481 1597 1069 1096 1610 1875 1788 1131 1279 1291 1564 1137 1694 1866 1831 1282 1028 1745 1532 1781 1308 1152 1630 1015 1020 1388 1936 1106 1322 1814 1838 1465 1976 1964 1050 1650 1400 1454 1086 1938 1777 1691 1852 1343 1770 1326 1253 1473 1000 1736 1180 1409 1189 1610 1333 1382 1875 1824 1871 1899 1323 1247 1016 1805 1156 1067 1928 1918 BCNSPRNW ULIB Ver.6.0+V

เปลี่ยนเป็นภาษาไทย

Change to English
 แสดงรายละเอียดบรรณานุกรม
  กลับหน้าหลัก

Brief Record : Get Marc (ISO 2709) : E-mail record : QR code < ปิดหน้าต่าง
LEADER : 00000nam 2200000uu 4500
001    13399113460
003     ULIB
008    111118sมปป.||||th 000 0 tha d
020    ^a9743523693
060 04 ^aW74^bส761ก มปป.
100 0  ^aสุชาวดี ยิ้มมี
245 10 ^aการตลาดเบื้องต้นในบริการสุขภาพ /^cสุชาวดี ยิ้มมี
250    ^aพิมพ์ครั้งที่ 1
260    ^aกรุงเทพฯ :^bจิรรัชการพิมพ์,^cมปป.
300    ^a119, [3] หน้า :^bภาพประกอบ ;^c26 ซม.
650  7 ^aบริการทางการแพทย์^xการตลาด
650  7 ^aบริการสุขภาพ^xการตลาด
945    ^p130^l0^i14773
945    ^p130^l0^i14774
995    ^aกัณชพร
999    ^aใช้งานได้ทุกระบบ
รายการนี้ยังไม่มีแท็ก
คุณยังไม่ได้ล็อกอิน คุณสามารถมีกิจกรรมร่วมกับเว็บไซต์ได้ แต่ต้องล็อกอินก่อน ::
  ล็อกอิน

รายการสื่อสารสนเทศ

ลำดับที่ ประเภท เลขเรียก/บาร์โค้ด สถานที่ สถานะ
- ไม่พบข้อมูล -

BibComment


ยังไม่เคยถูกคอมเมนท์

คอมเมนท์ทรัพยากรรายการนี้
  คอมเมนท์: การตลาดเบื้องต้น..


 Copyright 2026. Bcnsprnw @Library